| 000 | 00909cam a2200289Ia 4500 | ||
|---|---|---|---|
| 008 | |||
| 020 | _a1929007450 (pbk.) | ||
| 049 | _aMAIN | ||
| 090 |
_aRB111 _bBUJ |
||
| 100 | 1 | _aBuja, L. Maximilian. | |
| 245 | 1 | 0 |
_aNetter's illustrated human pathology / _cL. Maximilian Buja, Gerhard R.F. Krueger ; illustrations by Frank H. Netter. |
| 246 | 3 | 0 | _aIllustrated human pathology. |
| 250 | _a1st ed. | ||
| 260 |
_aTeterboro, N.J. : _bIcon Learning Systems, _cc2005. |
||
| 300 |
_axxvi, 527 p. : _bcol. ill. ; _c28 cm. |
||
| 500 | _aIncludes index. | ||
| 650 | 2 |
_aPathology _vAtlases |
|
| 650 | 2 |
_aDisease _vAtlases |
|
| 650 | 2 |
_aPathologic Processes _vAtlases |
|
| 700 | 1 | _aKrueger, G. R. F. | |
| 700 | 1 | _aNetter, Frank H. | |
| 907 |
_a.b10239467 _b12-05-11 _c19-04-07 |
||
| 003 | |||
| 005 | 20230123124940.0 | ||
| 040 | _cNUST | ||
| 942 |
_cBOOKS _kRB111 _mBUJ |
||
| 999 |
_c133081 _d133081 |
||